000 01946nam0a2200373 i 4500
001 RU\NLR\BIBL_A\010578424
005 20241105124122.0
010 _a9785443702964
_9200
021 _aRU
_b2014-83079
_95045
035 _a(NILC)LIBNET\0000489690
035 _aRU\NSU\books\164349
035 _a(NLR Aleph) 010578424
090 _a10451646
_c10451646
100 _a20141226d2014 k y0rusy50 ca
101 0 _arus
102 _aRU
105 _aac||z|||000yy
200 1 _aПять прогулок по Пекину
_eматериалы к лекциям
_fС.Т. Кожанов
_gМ-во образования и науки Рос. Федерации, Новосиб. гос. ун-т, Гуманитар. фак., Центр яз. и культуры Китая (Класс Конфуция)
205 _a[2-е изд., перераб. и доп.]
210 _aНовосибирск
_cРедакционно-издательский центр НГУ
_d2014
215 _a236 с.
_cил., портр.
_d20
225 1 _aБиблиотека Класса Конфуция
607 _aПекин, город (Китай)
_jУчебные издания для высших учебных заведений
_xАрхитектура
_91022964
_3RU\NLR\AUTH\6673497
607 _aПекин, город (Китай)
_jУчебные издания для высших учебных заведений
_xИстория
_92244795
_3RU\NLR\AUTH\661346779
686 1 _aЩ113(5Кит-2Пекин)я73
686 1 _aТ3(5Кит-2П)я73
700 1 _aКожанов
_bС. Т.
_f1955-
_gСерикбек Тлепбаевич
801 0 _aRU
_bНБ НовосибирскогоГУ
_c20141017
801 1 _aRU
_bНБ Новосибирского ГУ
_c20141023
_gRCR
801 2 _aRU
_bНБ Новосибирского ГУ
_c20141023
_2rusmarc
942 _cBOOK
980 _aNBR